<?xml version="1.0" encoding="UTF-8"?>
<record
    xmlns:xsi="http://www.w3.org/2001/XMLSchema-instance"
    xsi:schemaLocation="http://www.loc.gov/MARC21/slim http://www.loc.gov/standards/marcxml/schema/MARC21slim.xsd"
    xmlns="http://www.loc.gov/MARC21/slim">

  <leader>01602    a2200205   4500</leader>
  <controlfield tag="001">3874</controlfield>
  <controlfield tag="005">20260407155431.0</controlfield>
  <controlfield tag="008">260407a1972    arg                 spa d</controlfield>
  <controlfield tag="003">AR-UNSa-BCEJYS</controlfield>
  <datafield tag="040" ind1=" " ind2=" ">
    <subfield code="a">AR-UNSa-BCEJYS</subfield>
    <subfield code="b">spa</subfield>
    <subfield code="c">AR-UNSa-BCEJYS</subfield>
  </datafield>
  <datafield tag="080" ind1=" " ind2=" ">
    <subfield code="a">347.65</subfield>
    <subfield code="x">Derecho de sucesiones. Derecho hereditario</subfield>
  </datafield>
  <datafield tag="245" ind1="1" ind2="0">
    <subfield code="a">Manual pr&#xE1;ctico de sucesiones</subfield>
  </datafield>
  <datafield tag="264" ind1=" " ind2="1">
    <subfield code="a">Buenos Aires :</subfield>
    <subfield code="b">Abeledo Perrot</subfield>
    <subfield code="c">1972</subfield>
  </datafield>
  <datafield tag="300" ind1=" " ind2=" ">
    <subfield code="a">2 v.</subfield>
    <subfield code="c">23 cm.</subfield>
  </datafield>
  <datafield tag="505" ind1=" " ind2=" ">
    <subfield code="a">Vol. I: 1. El tr&#xE1;mite procesal - 2. Medidas conservatorias de la sucesi&#xF3;n - 3. Inventario y aval&#xFA;o de la sucesi&#xF3;n - 4. Fuero de atracci&#xF3;n - 5. Herederos - 6. Derecho de representaci&#xF3;n - 7. Incapacidad para suceder - 8. Aceptaci&#xF3;n de la herencia - 9. Renuncia a la herencia - 10. Separaci&#xF3;n de patrimonios - 11. Cesi&#xF3;n de derechos hereditarios - 12. Concurso de la sucesi&#xF3;n - 13. Declaratoria de herederos - 14. La partici&#xF3;n o divisi&#xF3;n de la herencia - 15. Liquidaci&#xF3;n del impuesto a la herencia -- Vol. II: 16. Apertura del sucesorio - 17. Colaci&#xF3;n - 18. Administradores y peritos - 19. Venta de bienes y sus incidencias - 20. Clasificaci&#xF3;n de trabajos y estimaci&#xF3;n de honorarios - 21. El tr&#xE1;mite sucesorio en la Provincia de Buenos Aires - 22. Variaci&#xF3;n de escritos en juicios sucesorios - 23. Generalidades - 24. Normas nacionales referentes al sucesorio - 25. Disposiciones sucesorias en la Provincia de Buenos Aires - 26. Bibliograf&#xED;a - 27. Plenarios de la C&#xE1;mara Nacional en lo Civil de la capital en materia sucesoria</subfield>
  </datafield>
  <datafield tag="041" ind1=" " ind2=" ">
    <subfield code="a">spa</subfield>
  </datafield>
  <datafield tag="942" ind1=" " ind2=" ">
    <subfield code="c">BK</subfield>
  </datafield>
  <datafield tag="590" ind1=" " ind2=" ">
    <subfield code="a">niveau_biblio:m niveau_hierar:0</subfield>
  </datafield>
  <datafield tag="100" ind1="1" ind2=" ">
    <subfield code="a">J&#xF6;ld, Carlos</subfield>
  </datafield>
  <datafield tag="999" ind1=" " ind2=" ">
    <subfield code="c">383</subfield>
    <subfield code="d">383</subfield>
  </datafield>
  <datafield tag="952" ind1=" " ind2=" ">
    <subfield code="0">0</subfield>
    <subfield code="1">0</subfield>
    <subfield code="4">0</subfield>
    <subfield code="7">0</subfield>
    <subfield code="a">BCEJYS</subfield>
    <subfield code="b">BCEJYS</subfield>
    <subfield code="c">16</subfield>
    <subfield code="d">2026-04-07</subfield>
    <subfield code="l">0</subfield>
    <subfield code="o">347.65 J75 v.1</subfield>
    <subfield code="p">L87196</subfield>
    <subfield code="r">2026-04-07 15:54:31</subfield>
    <subfield code="w">2026-04-07</subfield>
    <subfield code="y">L</subfield>
  </datafield>
  <datafield tag="952" ind1=" " ind2=" ">
    <subfield code="0">0</subfield>
    <subfield code="1">0</subfield>
    <subfield code="4">0</subfield>
    <subfield code="7">0</subfield>
    <subfield code="a">BCEJYS</subfield>
    <subfield code="b">BCEJYS</subfield>
    <subfield code="c">16</subfield>
    <subfield code="d">2026-04-07</subfield>
    <subfield code="l">0</subfield>
    <subfield code="o">347.65 J75 v.2</subfield>
    <subfield code="p">L87197</subfield>
    <subfield code="r">2026-04-07 15:54:31</subfield>
    <subfield code="w">2026-04-07</subfield>
    <subfield code="y">L</subfield>
  </datafield>
</record>
